000 00768nam a22002297a 4500
003 UA-OsUOA
001 48814
007 ta
008 20130814b un ||||| |||| 00| 0 ukr d
090 _a017
_bМ57
942 _cBR
040 _aUA-OsUOA
_bukr
_cUA-OsUOA
_dUA-OsUOA
245 _aМи і наші діти
_bбюлетнь-каталог українських працівників літератури для дітей і молоді. Ч. 14
300 _a48 с.
955 _a4
041 _aukr
080 _a017
260 _c1997
650 7 _a01 Бібліографія і бібліографії. Каталоги
_2UDC
999 _c428937
_d428937